Transform techniques in chemistry /
Guardado en:
| Otros Autores: | |
|---|---|
| Formato: | Libro |
| Idioma: | English |
| Publicado: |
New York :
Plenum Press,
c1978.
|
| Series: | Modern analytical chemistry
|
| Materias: | |
| Etiquetas: |
Agregar Etiqueta
Sin Etiquetas, Sea el primero en etiquetar este registro!
|
| LEADER | 00767pam a22002175a 4500 | ||
|---|---|---|---|
| 001 | EIQ.libpla000840 | ||
| 008 | 780106s1978####nyua#####b####001#0#eng#d | ||
| 005 | 20060606160527.0 | ||
| 245 | 0 | 0 | |a Transform techniques in chemistry / |c edited by Peter R. Griffiths. |
| 260 | |a New York : |b Plenum Press, |c c1978. | ||
| 300 | |a xviii, 385 p. : |b il. ; |c 24 cm. | ||
| 440 | 0 | |a Modern analytical chemistry | |
| 504 | |a Incluye referencias bibliográfica e índice. | ||
| 020 | |a 0306310708 | ||
| 700 | 1 | |a Griffiths, Peter R., |d 1942-, |e ed. |4 edt | |
| 082 | 0 | 0 | |a 543/.085 |
| 650 | 4 | |a Espectroscopía |x Transformaciones de Fourier. | |
| 650 | 4 | |a Spectroscopy |x Fourier transform. | |
| 010 | |a 77029271 | ||
| 040 | |a DLC |c DLC |d AR-BbSID | ||
| 859 | |a AR-BbSID |b BIB. PLAPIQUI |h 543.085 |i T 687 |p 1966 | ||
